| 000 | 00932nam a22003137a 4500 | ||
|---|---|---|---|
| 003 | CHAP | ||
| 005 | 20220329141058.0 | ||
| 008 | 971013s1995 r 00010 d | ||
| 010 | _a62293 | ||
| 011 | _a63265 | ||
| 035 | _a67441 | ||
| 040 | _cCHAP | ||
| 082 |
_a530 _bA55Y |
||
| 100 | 0 | 0 |
_aAlonso, Marcelo. _94619 |
| 245 | _aFísica | ||
| 260 |
_aBuenos Aires : _bAddison-Wesley Iberoamericana, _c1995 |
||
| 300 |
_a969 p. _b: ilus. ; gráfs. |
||
| 500 | _aTrad. de : Physics | ||
| 590 |
_aBATCH-UPD _b10 _c20130109 _lUCH01 _h2348 |
||
| 590 |
_aBATCH-UPD _b10 _c20130110 _lUCH01 _h1406 |
||
| 590 |
_aBATCH-UPD _b10 _c20130410 _lUCH01 _h0855 |
||
| 590 |
_aBATCH-UPD _b10 _c20130914 _lUCH01 _h0245 |
||
| 590 |
_aCONVERSION _b10 _c20130109 _lUCH01 _h1333 |
||
| 650 | 1 | 4 |
_aFísica. _941975 |
| 700 | 0 |
_aFinn, E. John. _941012 |
|
| 901 | _aBK | ||
| 942 | _cLIBRO | ||
| 949 |
_a530 A55Y _bBC _cLIBRO _d33724000632311 _eLIBRO _h91858 _i67441 _mD _si |
||
| 999 |
_c62293 _d62293 |
||